Classifica Scarpa d'Oro 2014 - Statistics

Statistiche generali
  • Questo quiz è stato fatto 28 volte
  • Il punteggio medio è 11 su 16
Statistiche sulle risposte
Gol Coefficiente UEFA Punti Nazione Squadra Calciatore % Corretto
31 x2 62 Portogallo Real Madrid Cristiano Ronaldo
96%
28 x2 56 Argentina Barcellona Lionel Messi
96%
31 x2 62 Uruguay Liverpool Luis Suárez
96%
20 x2 40 Polonia Borussia Dortmund Robert Lewandowski
92%
22 x2 44 Italia Torino Ciro Immobile
88%
19 x2 38 Cile Barcellona Alexis Sánchez
85%
19 x2 38 Argentina Juventus Carlos Tévez
85%
27 x2 54 Brasile / Spagna Atletico Madrid Diego Costa
85%
26 x1,5 39 Svezia Paris Saint-Germain Zlatan Ibrahimović
85%
20 x2 40 Italia Hellas Verona Luca Toni
81%
20 x2 40 Costa d'Avorio Manchester City Yaya Touré
77%
20 x2 40 Colombia Porto Jackson Martínez
58%
22 x2 44 Inghilterra Liverpool Daniel Sturridge
50%
31 x1,5 46,5 Salisburgo Red Bull Salisburgo Jonathan Soriano
27%
26 x1,5 39 Brasile / Cina Red Bull Salisburgo Alan
4%
29 x1,5 43.5 Islanda Heerenveen Alfreð Finnbogason
4%
Nessun quiz corrispondente trovato
Distribuzione punteggi
Percentuale di utenti per punteggio
Percentile per numero di risposta
I tuoi punteggi nel tempo
Non hai fatto questo quiz